Uses of the university.

Salvato in:
Dettagli Bibliografici
Autore principale: Kerr, Clark (autor)
Natura: Libro
Lingua:inglese
Soggetti:
Tags: Aggiungi Tag
Nessun Tag, puoi essere il primo ad aggiungerne!!

MARC

LEADER 00000cam^a2200000uu^4500
001 000463217
005 20250521000000.0
008 050901s1963^^^^^^^^^^^^rd^r^^000^0^eng^d
009 20260526145836.327
035 |a FCE 000005767 
035 |a FCE 022875 
037 |a Acervo ITESO - Biblioteca 
041 |a eng 
082 0 4 |a 378.15573  |b KERu 
100 |a Kerr, Clark  |e (autor) 
245 1 0 |a Uses of the university. 
264 |a Nueva York, EUA :  |b Harper Torchbooks,  |c 1963. 
300 |a 135 p. 
336 |a texto  |b txt  |2 rdacontenido 
337 |a sin mediación  |b n  |2 rdamedio 
338 |a volumen  |b nc  |2 rdasoporte 
649 |a XX 
650 |a Economía de la educación 
650 |a Teoría 
650 |a Papel de la universidad 
650 |a Perspectivas de la educación 
650 |a Estados Unidos 
910 |a Fondo Centro de Estudios Educativos 
920 |a Impresos - Libros 
930 |a Fondos Especiales 
905 |a 133 
901 |a ALE022875  |b IT2  |c CEE  |u 20250521 
902 |a https://opac.biblio.iteso.mx/vufind/Record/000463217